书目信息 |
| 题名: |
周恩来与日内瓦会议
|
|
| 作者: | 钱江 著 | |
| 分册: | ||
| 出版信息: | 北京 中共党史出版社 2005.07 |
|
| 页数: | 576页 | |
| 开本: | 21cm | |
| 丛书名: | ||
| 单 册: | ||
| 中图分类: | K827=7 | |
| 科图分类: | ||
| 主题词: | 政治家--zheng zhi jia--生平事迹--中国--现代 , 日内瓦会议 (1954)--ri nei wa hui yi(1954)--概况 | |
| 电子资源: | ||
| ISBN: | 7-80199-189-3 | |
| 000 | 00886nam0 2200253 450 | |
| 001 | 012006395154 | |
| 005 | 20060330094922.73 | |
| 010 | @a7-80199-189-3@dCNY35.00 | |
| 100 | @a20060329d2005 km y0chiy0120 ea | |
| 101 | 0 | @achi |
| 102 | @aCN@b110000 | |
| 105 | @aa a 000yd | |
| 200 | 1 | @a周恩来与日内瓦会议@Azhou en lai yu ri nei wa hui yi@f钱江著@Fqian jiang zhu |
| 210 | @a北京@c中共党史出版社@d2005.07 | |
| 215 | @a576页@c图@d21cm | |
| 320 | @a有书目 (第568-569页)。 | |
| 330 | @a作者将时间在历史长河中撞激而出的珍贵片断,连缀成景象恢宏的完整历史长卷,众多风云人物栩栩如生。 | |
| 600 | 0 | @a周恩来,@Azhou en lai,@f1898-1976@x生平事迹 |
| 606 | 0 | @a政治家@Azheng zhi jia@x生平事迹@y中国@z现代 |
| 606 | 0 | @a日内瓦会议 (1954)@Ari nei wa hui yi(1954)@x概况 |
| 690 | @aK827=7@v4 | |
| 701 | 0 | @a钱江@Aqian jiang@4著 |
| 801 | 0 | @aCN@bQSSK@c20060330 |
| 905 | @a10447@dK827=7@eZ763 | |
| 周恩来与日内瓦会议/钱江著.-北京:中共党史出版社,2005.07 |
| 576页:图;21cm |
| ISBN 7-80199-189-3:CNY35.00 |
| 作者将时间在历史长河中撞激而出的珍贵片断,连缀成景象恢宏的完整历史长卷,众多风云人物栩栩如生。 |
| ● |
| 相关链接 |
|
|
|
正题名:周恩来与日内瓦会议
索取号:K827=7/Z763
 
预约/预借
| 序号 | 登录号 | 条形码 | 馆藏地/架位号 | 状态 | 备注 |
| 1 | 557022 | 205570229 | 社科库309/309社科库 59排1列6层/ [索取号:K827=7/Z763] | 在馆 | |
| 2 | 557023 | 205570238 | 社科库309/309社科库 59排1列6层/ [索取号:K827=7/Z763] | 在馆 | |
| 3 | 557024 | 205570247 | 社科库309/309社科库 59排1列6层/ [索取号:K827=7/Z763] | 在馆 |